000 00511pam a2200169 a 4500
020 _a0803990014 (pb : acidfree paper)
040 _cDLC
082 0 0 _a301 PIN 1993 A014 Or.
100 1 _aLevin Jack,
245 1 0 _aSociological snapshots :
_bseeing social structure and change in everyday life /
260 _aThousand Oaks [Calif.] :
_bPine Forge Press,
_cc1993.
300 _axvii, 158 p. :
_bill. ;
_c23 cm.
650 0 _aSociology.
650 0 _aSocial change.
650 0 _aSocial structure
942 _cEK
999 _c13029
_d13029